Технология урана и плутония: учебное пособие

Podrobná bibliografie
Korporativní autor: Томский политехнический университет (ТПУ)
Další autoři: Маслов А. А. Александр Антонович, Каляцкая Г. В. Галина Васильевна, Амелина Г. Н. Галина Николаевна, Водянкин А. Ю. Алексей Юрьевич, Егоров Н. Б. Николай Борисович
Shrnutí:Заглавие с титульного экрана
Электронная версия печатной публикации
Режим доступа: из корпоративной сети ТПУ
Jazyk:ruština
Vydáno: Томск, Изд-во ТПУ, 2008
Témata:
On-line přístup:http://www.lib.tpu.ru/fulltext2/m/2010/m211.pdf
Médium: Elektronický zdroj Kniha
KOHA link:https://koha.lib.tpu.ru/cgi-bin/koha/opac-detail.pl?biblionumber=188449

MARC

LEADER 00000nlm0a2200000 4500
001 188449
005 20231225113813.0
035 |a (RuTPU)RU\TPU\book\204691 
090 |a 188449 
100 |a 20101209d2008 m y0rusy50 ca 
101 0 |a rus 
102 |a RU 
105 |a a j 001zy 
135 |a drcn ---uucaa 
181 0 |a i  
182 0 |a b 
200 1 |a Технология урана и плутония  |e учебное пособие  |f А. А. Маслов [и др.]  |g Томский политехнический университет (ТПУ) 
203 |a Текст  |c электронный 
210 |a Томск  |c Изд-во ТПУ  |d 2008 
300 |a Заглавие с титульного экрана 
300 |a Электронная версия печатной публикации 
333 |a Режим доступа: из корпоративной сети ТПУ 
337 |a Adobe Reader 
452 1 |0 (RuTPU)RU\TPU\book\169712  |y 5-98298-298-4  |t Технология урана и плутония  |o учебное пособие  |f А. А. Маслов [и др.]  |g Томский политехнический университет (ТПУ)  |c Томск  |n Изд-во ТПУ  |d 2008  |p 144 с. 
606 1 |a Уран, соединения  |2 stltpush  |3 (RuTPU)RU\TPU\subj\67784  |9 83450 
606 1 |a Плутоний,соединения  |2 stltpush  |3 (RuTPU)RU\TPU\subj\32805  |9 55238 
610 1 |a химическая технология 
610 1 |a металлический уран 
610 1 |a химические свойства 
610 1 |a химические соединения 
610 1 |a оксиды 
610 1 |a фториды 
610 1 |a минералы 
610 1 |a урановые руды 
610 1 |a урансодержащие соединения 
610 1 |a характеристика 
610 1 |a переработка 
610 1 |a получение 
610 1 |a металлический плутоний 
610 1 |a очистка 
610 1 |a разделение 
610 1 |a черновой плутоний 
610 1 |a рафинирование 
610 1 |a учебные пособия 
610 1 |a труды учёных ТПУ 
610 1 |a электронный ресурс 
675 |a 661.87(075.8)  |v 3 
701 1 |a Маслов  |b А. А.  |c химик-технолог  |c доцент Томского политехнического университета, кандидат технических наук  |f 1934-  |g Александр Антонович  |3 (RuTPU)RU\TPU\pers\27826  |4 070 
701 1 |a Каляцкая  |b Г. В.  |c российский химик-технолог  |c доцент Томского политехнического университета  |c кандидат технических наук  |c выпускник ХТФ Томского политехнического института 1953 г.  |f 1931-  |g Галина Васильевна  |3 (RuTPU)RU\TPU\pers\27759  |4 070 
701 1 |a Амелина  |b Г. Н.  |c химик-технолог  |c доцент Томского политехнического университета, кандидат химических наук  |f 1963-  |g Галина Николаевна  |3 (RuTPU)RU\TPU\pers\27824  |4 070  |9 12862 
701 1 |a Водянкин  |b А. Ю.  |c химик  |c доцент Томского политехнического университета, кандидат химических наук  |f 1971-  |g Алексей Юрьевич  |3 (RuTPU)RU\TPU\pers\27894  |4 070 
701 1 |a Егоров  |b Н. Б.  |c химик-технолог  |c доцент Томского политехнического университета, кандидат химических наук  |f 1974-  |g Николай Борисович  |3 (RuTPU)RU\TPU\pers\27912  |4 070  |9 12915 
712 0 2 |a Томский политехнический университет (ТПУ)  |c (1991-2009)  |3 (RuTPU)RU\TPU\col\376 
801 1 |a RU  |b 63413507  |c 20101209 
801 2 |a RU  |b 63413507  |c 20120502  |g RCR 
856 4 |u http://www.lib.tpu.ru/fulltext2/m/2010/m211.pdf 
942 |c CF